Normal view
MARC view
- Experience.
Entry Topical Term
001 - CONTROL NUMBER
- control field: 1792
003 - CONTROL NUMBER IDENTIFIER
- control field: NUST
005 - DATE AND TIME OF LATEST TRANSACTION
- control field: 20170601104034.0
008 - FIXED-LENGTH DATA ELEMENTS
- fixed length control field: 170601|| aca||aabn | a|a d
040 ## - CATALOGING SOURCE
- Original cataloging agency: NUST
- Transcribing agency: NUST
150 ## - HEADING--TOPICAL TERM
- Topical term or geographic name entry element: Experience.
670 ## - SOURCE DATA FOUND
- Source citation: Work cat.: (NUST)0: Ayer, A. J. (Alfred Jules), 1910-1989. 1791, Language, truth and logic,, 1936.
